[Event "Church's Fried Chicken it"]
[Site "San Antonio, TX USA"]
[Date "1972.11.20"]
[Round "2"]
[White "Karpov, Anatoly"]
[Black "Browne, Walter Shawn"]
[Result "1-0"]
[WhiteElo "2630"]
[BlackElo "2530"]
[EventDate "1972.11.19"]
[PlyCount "117"]

1.c4 c5 2.b3 Nf6 3.Bb2 g6 4.Bxf6 exf6 5.Nc3 Bg7 6.g3 Nc6 7.Bg2 f5 8.e3 O-O
9.Nge2 a6 10.Rc1 b5 11.d3 Bb7 12.O-O d6 13.Qd2 Qa5 14.Rfd1 Rab8 15.Nd5 
Qxd2 16.Rxd2 b4 17.d4 Rfd8 18.Rcd1 cxd4 19.exd4 Kf8 20.c5 Na7 21.Ne3 Bxg2 
22.Kxg2 dxc5 23.dxc5 Rxd2 24.Rxd2 Rc8 25.Nd5 Rxc5 26.Nxb4 a5 27.Nd5 Rc6 
28.Ne3 Rc5 29.Nf4 Bh6 30.Rd5 Rxd5 31.Nfxd5 Bxe3 32.Nxe3 Ke7 33.Kf3 Nc6 34.
Nc4 Ke6 35.Ke3 Kd5 36.a3 Ke6 37.Kd3 Kd5 38.f3 h6 39.Kc3 h5 40.Kd3 f6 41.f4
g5 42.Ne3+ Ke6 43.h4 gxh4 44.gxh4 Ne7 45.Kc4 Ng6 46.Ng2 Kd6 47.Kb5 Kd5 48.
Kxa5 Ke4 49.b4 Kf3 50.b5 Kxg2 51.b6 Nf8 52.Kb5 Nd7 53.a4 Nxb6 54.Kxb6 Kf3 
55.a5 Kxf4 56.a6 Ke3 57.a7 f4 58.a8=Q f3 59.Qe8+ 1-0

[Event "Church's Fried Chicken it"]
[Site "San Antonio, TX USA"]
[Date "1972.11.21"]
[Round "3"]
[White "Byrne, Donald"]
[Black "Portisch, Lajos"]
[Result "1/2-1/2"]
[WhiteElo "2470"]
[BlackElo "2640"]
[EventDate "1972.11.19"]
[PlyCount "64"]

1.g3 e5 2.c4 Nf6 3.Nc3 Bb4 4.Bg2 O-O 5.e4 Nc6 6.Nge2 Bc5 7.O-O d6 8.d3 a6 
9.h3 Rb8 10.a3 b5 11.b4 Ba7 12.Nd5 Nxd5 13.cxd5 Ne7 14.d4 f5 15.dxe5 dxe5 
16.Qb3 Kh8 17.Be3 Bxe3 18.fxe3 fxe4 19.Nc3 Bb7 20.Rxf8+ Qxf8 21.Bxe4 Ng8 
22.Bg2 Nf6 23.e4 Qd6 24.Kh2 h6 25.Qb2 Rf8 26.Qe2 Qb6 27.Rf1 Bc8 28.Rf3 Bd7
29.Nd1 Ra8 30.Nf2 a5 31.Qb2 axb4 32.axb4 Qd6 1/2-1/2

[Event "Church's Fried Chicken it"]
[Site "San Antonio, TX USA"]
[Date "1972.11.23"]
[Round "4"]
[White "Keres, Paul"]
[Black "Browne, Walter Shawn"]
[Result "1/2-1/2"]
[WhiteElo "2600"]
[BlackElo "2530"]
[EventDate "1972.11.19"]
[PlyCount "38"]

1.d4 c5 2.d5 Nf6 3.Nc3 d6 4.e4 g6 5.Nf3 Bg7 6.Bb5+ Nbd7 7.O-O a6 8.Bd3 b5 
9.a4 b4 10.Nb1 a5 11.Nbd2 Nb6 12.Nc4 Nfd7 13.Nfd2 O-O 14.Qe2 Ba6 15.Nxb6 
Qxb6 16.Nc4 Qa7 17.Rb1 Nb6 18.Nxb6 Qxb6 19.Bg5 Rfe8 1/2-1/2

[Event "Church's Fried Chicken it"]
[Site "San Antonio, TX USA"]
[Date "1972.11.23"]
[Round "4"]
[White "Evans, Larry Melvyn"]
[Black "Suttles, Duncan"]
[Result "0-1"]
[WhiteElo "2545"]
[BlackElo "2470"]
[EventDate "1972.11.19"]
[PlyCount "87"]

1.e4 g6 2.d4 d6 3.Nc3 Bg7 4.Be3 c6 5.Qd2 b5 6.O-O-O Nd7 7.f3 Nb6 8.h4 h5 
9.Nh3 a5 10.Nf2 b4 11.Nb1 Rb8 12.g4 hxg4 13.fxg4 Nf6 14.Be2 Nxg4 15.Nxg4 
Bxg4 16.Rdg1 Bh5 17.b3 a4 18.Bxh5 Rxh5 19.Rg5 axb3 20.axb3 Rxg5 21.hxg5 
Nd7 22.Rf1 Kf8 23.Qd3 Qe8 24.Qc4 c5 25.dxc5 dxc5 26.Re1 Qc8 27.Rf1 Ne5 28.
Qxc5 Qa6 29.Rf2 Nd3+ 30.cxd3 Rc8 31.Qxc8+ Qxc8+ 32.Kd1 Qa6 33.Ke2 Qa2+ 34.
Nd2 Bc3 35.Rh2 Kg7 36.Rh4 e5 37.Rh1 Bxd2 38.Bxd2 Qxb3 39.Ke3 Qb2 40.Rc1 b3
41.Rc8 Qa1 42.Bc3 Qc1+ 43.Ke2 b2 44.Bxe5+ 0-1

[Event "Church's Fried Chicken it"]
[Site "San Antonio, TX USA"]
[Date "1972.11.24"]
[Round "5"]
[White "Browne, Walter Shawn"]
[Black "Mecking, Henrique"]
[Result "0-1"]
[WhiteElo "2530"]
[BlackElo "2570"]
[EventDate "1972.11.19"]
[PlyCount "108"]

1.e4 c5 2.Nf3 d6 3.d4 cxd4 4.Nxd4 Nf6 5.Nc3 a6 6.Bg5 e6 7.f4 Be7 8.Qf3 Qc7
9.O-O-O Nbd7 10.g4 b5 11.Bxf6 Nxf6 12.g5 Nd7 13.f5 Nc5 14.f6 gxf6 15.gxf6 
Bf8 16.Qh5 Bd7 17.Bh3 b4 18.Nce2 O-O-O 19.Qxf7 Bh6+ 20.Kb1 Rdf8 21.Qh5 
Rxf6 22.Rhf1 Rhf8 23.Rxf6 Rxf6 24.Qh4 Rg6 25.Nf3 a5 26.Ng3 Qd8 27.Qh5 Bf4 
28.Ne2 Qf8 29.Nfd4 Be5 30.Nf3 Bh8 31.Nfd4 Be5 32.Nf3 Qh6 33.Qxh6 Rxh6 34.
Bg2 Rg6 35.Rg1 Bh8 36.Bh1 Bc6 37.Ng3 Be5 38.Nd2 Kc7 39.Re1 Bf4 40.Re2 Bxg3
41.hxg3 Rxg3 42.Re1 e5 43.Bf3 Ne6 44.Kc1 Ng5 45.Bd1 Rg2 46.Rh1 a4 47.a3 
bxa3 48.bxa3 Kb6 49.c3 Rg3 50.Kb2 Rd3 51.Kc2 Nxe4 52.Kxd3 Nc5+ 53.Kc4 d5+ 
54.Kb4 Na6# 0-1

[Event "Church's Fried Chicken it"]
[Site "San Antonio, TX USA"]
[Date "1972.11.24"]
[Round "5"]
[White "Petrosian, Tigran"]
[Black "Smith, Kenneth Ray"]
[Result "1-0"]
[WhiteElo "2645"]
[BlackElo "2395"]
[EventDate "1972.11.19"]
[PlyCount "123"]

1.c4 Nf6 2.Nc3 c6 3.Nf3 d5 4.e3 g6 5.Be2 Bg7 6.O-O O-O 7.d4 Bf5 8.cxd5 
Nxd5 9.Qb3 Nxc3 10.bxc3 Qb6 11.Ba3 Qxb3 12.axb3 Re8 13.Nd2 g5 14.Nc4 Nd7 
15.Na5 Rab8 16.Rac1 Bf8 17.g4 Be4 18.f3 Bg6 19.Rfd1 e6 20.Bxf8 Kxf8 21.Kf2
Nf6 22.e4 Re7 23.b4 Rc7 24.Nc4 Nd7 25.Ra1 a6 26.h4 gxh4 27.Rh1 Kg7 28.Rxh4
f6 29.Rg1 b5 30.Na5 Nb6 31.Bd1 e5 32.Bb3 exd4 33.cxd4 Nc4 34.Rc1 Nxa5 35.
bxa5 Rd8 36.Ke3 Rcd7 37.Rxc6 Rxd4 38.Bd5 Ra4 39.Rxa6 Rd7 40.Rh1 Bf7 41.
Bxf7 Rxf7 42.Rh5 Ra3+ 43.Kf4 b4 44.Rb5 Rc7 45.g5 fxg5+ 46.Rxg5+ Kf7 47.Rb5
Kg7 48.Kg4 Re7 49.Rab6 Rf7 50.Rg5+ Kf8 51.Rb8+ Ke7 52.Rb7+ Ke6 53.Rxf7 
Kxf7 54.Rb5 Ke6 55.f4 Kd6 56.e5+ Kc6 57.Rxb4 Rxa5 58.Re4 Ra1 59.e6 Rg1+ 
60.Kf5 h5 61.Kf6 Rg8 62.e7 1-0

[Event "Church's Fried Chicken it"]
[Site "San Antonio, TX USA"]
[Date "1972.11.30"]
[Round "9"]
[White "Larsen, Bent"]
[Black "Hort, Vlastimil"]
[Result "1-0"]
[WhiteElo "2625"]
[BlackElo "2600"]
[EventDate "1972.11.19"]
[PlyCount "96"]

1.c4 g6 2.Nc3 Bg7 3.d4 d6 4.e4 Nf6 5.Bd3 O-O 6.Nge2 e5 7.d5 a5 8.f3 Na6 9.
Bg5 h6 10.Be3 c6 11.Qd2 Kh7 12.g4 Nc5 13.Bc2 cxd5 14.cxd5 Bd7 15.Ng3 b5 
16.h4 b4 17.Nce2 Ne8 18.h5 g5 19.O-O Qb6 20.Nc1 Nc7 21.Nd3 N7a6 22.Rfc1 
Rfc8 23.Bd1 Qd8 24.Be2 Bf8 25.Kg2 Nxd3 26.Bxd3 Nc5 27.Bxc5 Rxc5 28.Rxc5 
dxc5 29.Qe2 Rb8 30.Nf1 Bd6 31.Ne3 Kg8 32.Nc4 Be8 33.Rc1 Kf8 34.Qe3 Rc8 35.
a3 Ke7 36.Ra1 Ra8 37.Qe2 Bd7 38.Ne3 Qb6 39.a4 Rb8 40.Bb5 Bxb5 41.Qxb5 Qxb5
42.axb5 Rxb5 43.Kf1 b3 44.Ke2 Bc7 45.Ra4 Kd7 46.Kd3 Rb7 47.Kc3 Rb5 48.Nc4 
Ke8 1-0

[Event "Church's Fried Chicken it"]
[Site "San Antonio, TX USA"]
[Date "1972.12.01"]
[Round "10"]
[White "Hort, Vlastimil"]
[Black "Evans, Larry Melvyn"]
[Result "1/2-1/2"]
[WhiteElo "2600"]
[BlackElo "2545"]
[EventDate "1972.11.19"]
[PlyCount "83"]

1.d4 Nf6 2.c4 e6 3.Nc3 Bb4 4.e3 O-O 5.Ne2 d5 6.a3 Be7 7.Nf4 c6 8.b4 Nbd7 
9.cxd5 cxd5 10.Bd3 Nb6 11.Ra2 Bd7 12.O-O Rc8 13.Rc2 Rc7 14.Bb2 Qb8 15.Qd2 
Rfc8 16.Rfc1 Nc4 17.Bxc4 Rxc4 18.Nb1 Bb5 19.Rxc4 Bxc4 20.Qc2 Bd6 21.g3 Rc7
22.Nd2 Bb5 23.Qb3 Rxc1+ 24.Bxc1 Qc7 25.Bb2 Qc6 26.Nd3 Ba4 27.Qc3 Qxc3 28.
Bxc3 b6 29.f3 Ne8 30.Kf2 Nc7 31.Ke2 Kf8 32.Bb2 Ke8 33.e4 Bb5 34.Ke3 Be7 
35.h4 f6 36.Bc3 Ba4 37.Bb2 Kd7 38.Nb1 Nb5 39.e5 Bc2 40.Nc3 Nxc3 41.Bxc3 f5
42.Bd2 1/2-1/2

[Event "Church's Fried Chicken it"]
[Site "San Antonio, TX USA"]
[Date "1972.12.01"]
[Round "10"]
[White "Mecking, Henrique"]
[Black "Petrosian, Tigran"]
[Result "0-1"]
[WhiteElo "2570"]
[BlackElo "2645"]
[EventDate "1972.11.19"]
[PlyCount "171"]

1.e4 e6 2.d4 d5 3.Nc3 Nf6 4.Bg5 dxe4 5.Nxe4 Be7 6.Nxf6+ Bxf6 7.Bxf6 Qxf6 
8.c3 O-O 9.Bd3 Nc6 10.Qh5 g6 11.Qf3 Qg7 12.Ne2 e5 13.d5 Ne7 14.O-O f5 15.
Bc4 Kh8 16.Rad1 f4 17.Rfe1 Nf5 18.Nc1 Nd6 19.Bf1 e4 20.Qe2 f3 21.gxf3 Rxf3
22.Nb3 Bg4 23.Nd4 Raf8 24.Nxf3 Bxf3 25.Qd2 Qd7 26.h3 Kg8 27.Re3 Bxd1 28.
Qxd1 Qf5 29.Re2 Qg5+ 30.Bg2 Rf5 31.c4 Nxc4 32.Rxe4 Nd6 33.Re3 Re5 34.Rxe5 
Qxe5 35.Qc1 Qe7 36.Qc3 b6 37.b3 a5 38.Kf1 Qg7 39.Qc1 Qe5 40.Bf3 Nf5 41.Qg5
Kg7 42.Kg2 Qf6 43.Qf4 Qd6 44.Qe4 Kf6 45.Qc4 Qe5 46.b4 axb4 47.Qxb4 h5 48.
Be4 Nd6 49.Bf3 Kf7 50.Qb3 Kg7 51.Qd3 Kf6 52.Bd1 Nf5 53.Bc2 Kg5 54.Qd2+ Qf4
55.Qc3 Nh4+ 56.Kf1 Nf3 57.Qd3 Qc1+ 58.Bd1 Ne5 59.Qd4 Qc4+ 60.Qxc4 Nxc4 61.
Bc2 Ne5 62.Ke2 Kf4 63.h4 g5 64.hxg5 Kxg5 65.Ke3 Ng4+ 66.Kf3 h4 67.Bd1 Nf6 
68.Bb3 Kf5 69.Kg2 Kg4 70.Bd1+ Kf4 71.Bb3 Ne4 72.Bc2 Nc3 73.Bb3 Ne4 74.Bc2 
Nc3 75.Bb3 Kg4 76.Kh2 Ne4 77.Kg2 h3+ 78.Kg1 Kf3 79.Bd1+ Kf4 80.Bc2 Nf6 81.
Bb3 Ng4 82.Ba4 h2+ 83.Kg2 Nxf2 84.Kxh2 Nd3 85.Kg2 Ke3 86.Kg3 0-1

[Event "Church's Fried Chicken it"]
[Site "San Antonio, TX USA"]
[Date "1972.12.03"]
[Round "11"]
[White "Suttles, Duncan"]
[Black "Larsen, Bent"]
[Result "1/2-1/2"]
[WhiteElo "2470"]
[BlackElo "2625"]
[EventDate "1972.11.19"]
[PlyCount "130"]

1.g3 g6 2.Bg2 Bg7 3.Nc3 d6 4.d3 e5 5.e4 Ne7 6.Be3 c5 7.Qd2 h5 8.f4 Nbc6 9.
Nf3 Nd4 10.O-O Bg4 11.Rae1 Qd7 12.Qf2 Bxf3 13.Bxf3 O-O-O 14.Bd1 f5 15.fxe5
Bxe5 16.Nd5 fxe4 17.Nxe7+ Qxe7 18.dxe4 h4 19.c3 hxg3 20.hxg3 Qh7 21.Qg2 
Nc6 22.Bg5 Rde8 23.Bg4+ Kb8 24.Re3 Bg7 25.Bd7 Bh6 26.Bxh6 Qxh6 27.Re2 Re5 
28.g4 Nd8 29.Rf6 Qg5 30.Ref2 Kc7 31.Bb5 Qc1+ 32.Bf1 Ne6 33.Rxg6 Ng5 34.Qg3
Nh3+ 35.Kg2 Nxf2 36.Qxf2 Qb1 37.Qf7+ Kb8 38.Rg8+ Rxg8 39.Qxg8+ Kc7 40.Qf7+
Kb6 41.Qb3+ Kc7 42.Be2 Re7 43.Bf3 Rh7 44.Kf2 Qc1 45.e5 Qd2+ 46.Kf1 Qd3+ 
47.Kf2 b5 48.exd6+ Kxd6 49.Qg8 Qd2+ 50.Kf1 Qc1+ 51.Kf2 Qxb2+ 52.Kf1 Qc1+ 
53.Kf2 Qc2+ 54.Kf1 Qd3+ 55.Kf2 Kc7 56.Qe6 Qd7 57.Qa6 Kb8 58.Qg6 Kc7 59.Qa6
Kd8 60.Qf6+ Re7 61.Qf4 Qc7 62.Qf8+ Re8 63.Qf6+ Kc8 64.Qa6+ Kd7 65.Qxb5+ 
Ke7 1/2-1/2

[Event "Church's Fried Chicken it"]
[Site "San Antonio, TX USA"]
[Date "1972.12.04"]
[Round "12"]
[White "Keres, Paul"]
[Black "Smith, Kenneth Ray"]
[Result "1/2-1/2"]
[WhiteElo "2600"]
[BlackElo "2395"]
[EventDate "1972.11.19"]
[PlyCount "146"]

1.c4 Nf6 2.Nc3 c6 3.e4 d5 4.e5 d4 5.exf6 dxc3 6.fxg7 cxd2+ 7.Bxd2 Bxg7 8.
Qc2 Nd7 9.Ne2 Nf6 10.Ng3 Qc7 11.Bd3 Bd7 12.Bc3 O-O-O 13.O-O-O Ne8 14.Rhe1 
e6 15.Bxg7 Nxg7 16.Qc3 Nf5 17.Qf6 Rhf8 18.Re5 Kb8 19.Bxf5 exf5 20.Qd6 Be6 
21.Qxc7+ Kxc7 22.b3 Rxd1+ 23.Kxd1 Rg8 24.f4 Rg4 25.Ke2 Rxf4 26.h3 Kd6 27.
Ra5 a6 28.Ke3 Rh4 29.Nxf5+ Bxf5 30.Rxf5 Ke6 31.Rg5 Rh6 32.Ke4 Rh4+ 33.Ke3 
Rh6 34.Kd4 Rg6 35.Re5+ Kd6 36.c5+ Kd7 37.g4 Rh6 38.Rf5 Ke6 39.Rf3 Rf6 40.
Re3+ Kd7 41.Re5 Rh6 42.Re3 Rf6 43.Ke4 Ke6 44.Rd3 Rf2 45.Rd6+ Ke7 46.Rd4 
Rxa2 47.Rb4 Ke6 48.Rxb7 Re2+ 49.Kd4 Rd2+ 50.Kc4 Rc2+ 51.Kb4 a5+ 52.Kxa5 
Rxc5+ 53.Kb4 Rc1 54.Rc7 Kf6 55.Ka3 Kg6 56.Kb2 Rc5 57.h4 h6 58.Rd7 f6 59.
Rd6 Kg7 60.h5 f5 61.Rg6+ Kh7 62.gxf5 Rxf5 63.Rxc6 Rxh5 64.b4 Rg5 65.Rc5 
Rg8 66.b5 Kg6 67.Kc3 h5 68.b6 h4 69.Kd4 Rd8+ 70.Kc4 h3 71.Kb5 h2 72.Rc1 
Kg5 73.b7 Rb8 1/2-1/2

[Event "Church's Fried Chicken it"]
[Site "San Antonio, TX USA"]
[Date "1972.12.04"]
[Round "12"]
[White "Mecking, Henrique"]
[Black "Portisch, Lajos"]
[Result "1/2-1/2"]
[WhiteElo "2570"]
[BlackElo "2640"]
[EventDate "1972.11.19"]
[PlyCount "62"]

1.e4 e5 2.Nf3 Nc6 3.Bb5 a6 4.Ba4 Nf6 5.O-O Be7 6.Re1 b5 7.Bb3 O-O 8.c3 d6 
9.h3 h6 10.d4 Re8 11.Be3 Bf8 12.Nbd2 Bb7 13.Qb1 Nb8 14.Bc2 Nbd7 15.a4 c5 
16.b3 b4 17.dxe5 bxc3 18.exf6 cxd2 19.Nxd2 Nxf6 20.Bf4 g6 21.Qd1 Re6 22.
Bd3 Qd7 23.Qc2 Rae8 24.Bh2 Qd8 25.Kh1 Qe7 26.Rad1 Nxe4 27.Nxe4 Bxe4 28.
Rxe4 Rxe4 29.Bxe4 Qxe4 30.Qxe4 Rxe4 31.Bxd6 Rb4 1/2-1/2